|
|
|
|
| LEADER |
00750nam a2200217 a 4500 |
| 001 |
c000076698 |
| 003 |
CARM |
| 005 |
00000000000000.0 |
| 008 |
830428s1982 nyu 00011 eng |
| 019 |
1 |
|
|a 2661367
|5 LACONCORD2021
|
| 020 |
|
|
|a 0802740146 :
|c $11.95
|
| 035 |
|
|
|a (OCoLC)9096611
|5 LACONCORD2021
|
| 050 |
0 |
0 |
|a PS3551.L3947
|b C3 1982
|
| 100 |
1 |
|
|a Allen, Jordan.
|
| 245 |
1 |
0 |
|a Cavern of silver /
|c Jordan Allen.
|
| 260 |
|
|
|a New York :
|b Walker,
|c 1982.
|
| 300 |
|
|
|a 192 p. ;
|c 22 cm.
|
| 852 |
8 |
|
|b CARM
|h A2:AG35B0
|i B02853
|p 0134870
|f BK
|
| 082 |
0 |
4 |
|a 813/.54
|2 19
|
| 999 |
f |
f |
|i 2dedd991-4365-5dfb-964d-85d17e231462
|s 25bbd436-d3d6-5acc-b6a6-af6404adc68c
|
| 952 |
f |
f |
|p Can circulate
|a CAVAL
|b CAVAL
|c CAVAL
|d CARM 1 Store
|e B02853
|f A2:AG35B0
|h Other scheme
|i book
|m 0134870
|